| Tag |
First Indicator |
Second Indicator |
Subfields |
| LEADER |
00000cam a22000008i 4500 |
| 001 |
in00005655821 |
| 007 |
t| |
| 008 |
250313s2025 mau b 001 0deng |
| 005 |
20250804165019.8 |
| 010 |
|
|
|a 2025002969
|
| 035 |
|
|
|a (OCoLC)on1507844123
|
| 040 |
|
|
|a DLC
|b eng
|e rda
|c DLC
|d OCLCO
|d YDX
|d BDX
|d IG#
|d DLC
|d OCLCQ
|d UKMGB
|
| 020 |
|
|
|a 9798887197265
|
| 020 |
|
|
|z 9798887197272
|q (adobe pdf)
|
| 020 |
|
|
|z 9798887197289
|q (epub)
|
| 024 |
8 |
|
|a CIPO000231718
|
| 035 |
|
|
|a (OCoLC)1507844123
|
| 042 |
|
|
|a pcc
|
| 043 |
|
|
|a e-pl---
|0 http://id.loc.gov/vocabulary/geographicAreas/e-pl
|
| 050 |
0 |
0 |
|a DS134.55
|b .B335 2025
|
| 082 |
0 |
0 |
|a 943.8/00492400904
|2 23/eng/20250314
|
| 100 |
1 |
|
|a Bacon, Gershon C.
|q (Gershon Chaim),
|e author.
|4 aut
|4 http://id.loc.gov/vocabulary/relators/aut
|1 https://id.oclc.org/worldcat/entity/E39PCjD8p6MDgqHytRXmtmVTtq
|1 http://id.loc.gov/rwo/agents/n82141349
|
| 245 |
1 |
0 |
|a Creativity and conflict :
|b Jews in interwar Poland: essays and assessments /
|c Gershon C. Bacon ; with an introduction by Moshe Rosman and comments by colleagues and students.
|
| 246 |
1 |
0 |
|a Jews in interwar Poland: essays and assessments
|
| 263 |
|
|
|a 2504
|
| 264 |
|
1 |
|a Boston :
|b Academic Studies Press,
|c 2025.
|
| 300 |
|
|
|a 466 pages ;
|c 24 cm.
|
| 334 |
|
|
|a single unit
|b mono
|0 http://id.loc.gov/vocabulary/issuance/mono
|
| 336 |
|
|
|a text
|b txt
|2 rdacontent
|0 http://id.loc.gov/vocabulary/contentTypes/txt
|
| 337 |
|
|
|a unmediated
|b n
|2 rdamedia
|0 http://id.loc.gov/vocabulary/mediaTypes/n
|
| 338 |
|
|
|a volume
|b nc
|2 rdacarrier
|0 http://id.loc.gov/vocabulary/carriers/nc
|
| 353 |
|
|
|a bibliography
|b bibliography
|0 http://id.loc.gov/vocabulary/msupplcont/bibliography
|
| 353 |
|
|
|a index
|b index
|0 http://id.loc.gov/vocabulary/msupplcont/index
|
| 490 |
0 |
|
|a Jews of Poland
|
| 504 |
|
|
|a Includes bibliographical references and index.
|
| 505 |
2 |
|
|a Looking Back : Society and Religion in Pre-World War I Poland -- Society, Youth, Women, and Politics : Aspects of Jewish Life in Interwar Poland -- Struggles and Scandals : The Politicization of the Polish Rabbinate in Interwar Poland -- Jews as Part of the Fabric of Polish Society.
|
| 520 |
|
|
|a "Creativity and Conflict reexamines interwar Polish Jewish history through the author's collected essays and scholarly responses of leading academicians. The work covers Polish-Jewish relations, Orthodox Judaism and the rabbinate, women's history, social history, and historiography, challenging prevalent myths about Jews in Poland"-- Provided by publisher.
|
| 650 |
|
0 |
|a Jews
|z Poland
|x History
|y 20th century.
|
| 650 |
|
0 |
|a Jews
|z Poland
|x Politics and government
|y 20th century.
|
| 650 |
|
0 |
|a Jews
|z Poland
|x Societies, etc.
|
| 650 |
|
0 |
|a Jewish women
|z Poland
|x History
|y 20th century.
|
| 650 |
|
0 |
|a Jewish youth
|z Poland
|x History
|y 20th century.
|
| 650 |
|
0 |
|a Jewish nationalism
|z Poland
|x History
|y 20th century.
|
| 651 |
|
0 |
|a Poland
|x Ethnic relations
|x History
|y 20th century.
|
| 651 |
|
0 |
|a Poland
|x History
|y 20th century.
|
| 650 |
|
6 |
|a Juifs
|z Pologne
|x Histoire
|y 20e siècle.
|
| 650 |
|
6 |
|a Juifs
|z Pologne
|x Associations.
|
| 650 |
|
6 |
|a Juives
|z Pologne
|x Histoire
|y 20e siècle.
|
| 650 |
|
6 |
|a Jeunesse juive
|z Pologne
|x Histoire
|y 20e siècle.
|
| 650 |
|
6 |
|a Nationalisme juif
|z Pologne
|x Histoire
|y 20e siècle.
|
| 651 |
|
6 |
|a Pologne
|x Histoire
|y 20e siècle.
|
| 650 |
|
7 |
|a Jewish nationalism
|x History.
|2 fast
|0 (OCoLC)fst00982865
|
| 650 |
|
7 |
|a Jewish women
|x History.
|2 fast
|0 (OCoLC)fst00983071
|
| 650 |
|
7 |
|a Jewish youth
|x History.
|2 fast
|0 (OCoLC)fst00983099
|
| 650 |
|
7 |
|a Jews
|x Societies, etc.
|2 fast
|0 (OCoLC)fst00983369
|
| 650 |
|
7 |
|a Jews
|x Politics and government.
|2 fast
|0 (OCoLC)fst00983330
|
| 650 |
|
7 |
|a Jews
|x History.
|2 fast
|0 (OCoLC)fst00983241
|
| 651 |
|
7 |
|a Poland.
|2 fast
|0 (OCoLC)fst01206891
|
| 648 |
|
7 |
|a 1900-1999
|2 fast
|
| 700 |
1 |
|
|a Rosman, Moshe,
|e writer of introduction.
|4 http://id.loc.gov/vocabulary/relators/win
|1 http://id.loc.gov/rwo/agents/n85803082.
|
| 758 |
|
|
|1 http://id.loc.gov/resources/instances/24083602
|
| 758 |
|
|
|4 http://id.loc.gov/ontologies/bibframe/instanceOf
|1 http://id.loc.gov/resources/works/24083602
|
| 776 |
0 |
8 |
|i Online version
|4 http://id.loc.gov/entities/relationships/onlineversion
|a Bacon, Gershon C. (Gershon Chaim)
|t Creativity and conflict
|d Boston : Academic Studies Press, 2025
|z 9798887197272
|w (DLC) 2025002970
|
| 776 |
0 |
8 |
|i ebook version :
|z 9798887197289
|
| 852 |
8 |
|
|b POD
|z This title is available for the library to purchase for your use. Click the "Purchase It For Me" button to place a request. This item will take 5-10 business days to arrive.
|
| 884 |
|
|
|a DLC bibframe2marc v2.9.0
|g 20250313175319
|q DLC
|u https://github.com/lcnetdev/bibframe2marc/releases/tag/v2.9.0
|
| 955 |
|
|
|a Print PDA title
|
| 961 |
|
|
|m 565730
|
| 999 |
f |
f |
|s 41b42291-9db2-40cb-85db-8ee03f2666ae
|i 465f5e4c-9399-446e-8b8f-73ac15958274
|t 0
|
| 952 |
f |
f |
|a Texas A&M University
|b College Station
|c Sterling C. Evans Library
|d Purchase on Demand
|t 0
|e DS134.55 .B335 2025
|h Library of Congress classification
|
| 998 |
f |
f |
|a DS134.55 .B335 2025
|t 0
|l Purchase on Demand
|